Statistika kačestva produkcii na promyšlennom predprijatii
Gespeichert in:
| 1. Verfasser: | |
|---|---|
| Format: | Buch |
| Sprache: | Russisch |
| Veröffentlicht: |
Charkov
Vyšča škola
1979
|
| Tags: |
Keine Tags, Fügen Sie das erste Tag hinzu!
|
MARC
| LEADER | 00000nam a2200000 4500 | ||
|---|---|---|---|
| 001 | c142509 | ||
| 005 | 20041019155325.1 | ||
| 041 | 0 | |a rus | |
| 044 | |a UA | ||
| 245 | 1 | 0 | |a Statistika kačestva produkcii na promyšlennom predprijatii |c Inna Vladimirovna Semenjak |
| 264 | 1 | |a Charkov |b Vyšča škola |c 1979 | |
| 300 | |a 109 s. | ||
| 100 | 1 | |a Semenjak, Inna Vladimirovna | |